Fr. Conceicao Rodrigues College of Engineering

Wise and otherwise: a salute to life (Record no. 30034)

MARC details
000 -LEADER
fixed length control field 00336nam a2200157Ia 4500
082 ## - DEWEY DECIMAL CLASSIFICATION NUMBER
Classification number 802
Item number SUD
100 ## - MAIN ENTRY--PERSONAL NAME
Personal name Sudha Murthy
245 ## - TITLE STATEMENT
Title Wise and otherwise: a salute to life
260 ## - PUBLICATION, DISTRIBUTION, ETC.
Name of publisher, distributor, etc. East west Books
Place of publication, distribution, etc. Chennai
Date of publication, distribution, etc. 2002
300 ## - PHYSICAL DESCRIPTION
Extent 188
546 ## - LANGUAGE NOTE
Language note ENGLISH
650 ## - SUBJECT ADDED ENTRY--TOPICAL TERM
Topical term or geographic name entry element General
654 ## - SUBJECT ADDED ENTRY--FACETED TOPICAL TERMS
Focus term wise
942 ## - ADDED ENTRY ELEMENTS (KOHA)
Koha item type BOOK
Holdings
Withdrawn status Lost status Damaged status Not for loan Collection Home library Current library Date acquired Total Checkouts Full call number Barcode Date last seen Date last checked out Price effective from Koha item type Total Renewals
        CRC Fr. Agnel's C.Rodrigues College of Engineering AGNEL TECHNICAL COLLEGE LIBRARY 17/03/2023 2 802 SUD 13578 19/09/2025 01/07/2025 17/03/2023 BOOK 1
        CRC Fr. Agnel's C.Rodrigues College of Engineering Fr. Agnel's C.Rodrigues College of Engineering 17/03/2023 2 802 SUD 13577 18/04/2026 09/04/2026 17/03/2023 BOOK